000 00336nam a2200109Ia 4500
008 200911s9999 xx 000 0 und d
020 _a978-971-9905-86-8
100 _aLim, Romeo D.
245 _cRomeo D. Lim.--
_aGaming & Cruise /
260 _aManila :
_bMindshapers Co., Inc.
_c2014
300 _avi , 479 pages :
_billustration ;
_c25 cm.
999 _c364204
_d364204